书目信息 |
| 题名: |
新编常用字三体钢笔字帖
|
|
| 作者: | 丁永康 书写 | |
| 分册: | ||
| 出版信息: | 北京 金盾出版社 2005.05 |
|
| 页数: | 135页 | |
| 开本: | 26cm | |
| 丛书名: | ||
| 单 册: | ||
| 中图分类: | J292.12 | |
| 科图分类: | ||
| 主题词: | 钢笔字--楷书--法帖--中国 , 篆刻--中国 | |
| 电子资源: | ||
| ISBN: | 7-5082-2708-5 | |
| 000 | 00617nam0 2200205 450 | |
| 001 | 0639615031 | |
| 005 | 20061009102505.20 | |
| 010 | @a7-5082-2708-5@dCNY 11.00 | |
| 100 | @a20060901d2005 km y0chiy0120 ea | |
| 101 | 0 | @achi |
| 102 | @aCN@b110000 | |
| 200 | 1 | @a新编常用字三体钢笔字帖@Axin bian chang yong zi san ti gang bi zi tie@f丁永康书写@Fding yong kang shu xie |
| 210 | @a北京@c金盾出版社@d2005.05 | |
| 215 | @a135页@d26cm | |
| 606 | 0 | @a钢笔字@x楷书@x法帖@x中国 |
| 606 | 0 | @a篆刻@x中国 |
| 690 | @aJ292.12@v4 | |
| 701 | 0 | @a丁永康@Ading yong kang@4书写 |
| 801 | @aCN@c20061009 | |
| 905 | @a10447@dJ292.12@eD593 | |
| 新编常用字三体钢笔字帖/丁永康书写.-北京:金盾出版社,2005.05 |
| 135页;26cm |
| ISBN 7-5082-2708-5:CNY 11.00 |
| ● |
| 相关链接 |
|
|
|
正题名:新编常用字三体钢笔字帖
索取号:J292.12/D593
 
预约/预借
| 序号 | 登录号 | 条形码 | 馆藏地/架位号 | 状态 | 备注 |
| 1 | 610424 | 206104240 | 社科库309/309社科库 79排4列1层/ [索取号:J292.12/D593] | 在馆 | |
| 2 | 610425 | 206104259 | 社科库309/ [索取号:J292.12/D593] | 在馆 | |
| 3 | 610426 | 206104268 | 社科库309/309社科库 79排4列1层/ [索取号:J292.12/D593] | 在馆 |